| 000 | 01284nam1a2200313 i 4500 | ||
|---|---|---|---|
| 001 | RU\NLR\bibl\960839 | ||
| 005 | 20260406043700.0 | ||
| 035 | _a(NLR Aleph) 000948870 | ||
| 090 |
_a266925 _c266925 |
||
| 100 | _a20031029g20069999u y0rusy50 ca | ||
| 101 | 0 |
_arus _achu |
|
| 102 | _aRU | ||
| 105 | _a||||z ||||| | ||
| 200 | 1 |
_aПолный тропарион _eтропари, кондаки и величания на праздники Господни, Богородичны, святых угодников Божиих и икон Божией Матери на каждый день года _f[сост.: Таисия Степановна Олейникова] |
|
| 210 |
_aМосква _cТроица _d2006 |
||
| 215 | _d24 | ||
| 300 | _aТекст на церковнослав. яз. | ||
| 463 | 0 | _1001941498 | |
| 463 | 0 | _1001940956 | |
| 608 |
_aТропарионы _92567501 _3RU\NLR\AUTH\661518450 |
||
| 686 | _aЭ372.24-507.10 | ||
| 702 | 1 |
_4220 _8rus _7ca _aОлейникова _bТ. С. _f1939- _gТаисия Степановна _3RU\NLR\auth\773692 _9113685 |
|
| 801 | 0 |
_aRU _bNLR _c20031029 _gPSBO |
|
| 801 | 1 |
_aRU _bNLR _c20031029 |
|
| 852 |
_aNLR _j2006-7/2375 |
||
| 942 | _cBOOK | ||